00325nam a2200121Ia 4500008004100000020001800041041000800059082001600067100001400083245004300097250001000140260005300150230717s9999 xx 000 0 und d a81-200-0384-5 aeng a344.01bKUM aKumar H.L aLabour Management Forms And Precedents a10ed. aNew DelhibMetropolitan Book Co. Pvt. Ltd.c2004